000 01304cam a22003374a 4500
999 _c11004
_d11004
001 13715227
003 OSt
005 20191226143446.0
008 040910s2006 maua b 001 0 eng
010 _a 2004059542
020 _a9780070620162
020 _a0070620164
040 _aDLC
_cDLC
_dDLC
042 _apcc
050 0 0 _aHF1017
_b.A26 2006
082 0 0 _a519.5
_222
_bACZ/C
100 _a Aczel, Amir D
_9778
245 1 0 _aComplete business statistics /
_cAmir D. Aczel, Jayavel Sounderpandian.
250 _a6th ed.
260 _aBoston, Mass. :
_bMcGraw-Hill,
_c2006.
300 _axxvii, 819 p. :
_bcol. ill. ;
_c29 cm. +
_e1 CD-ROM (4 3/4 in.)
440 4 _aThe McGraw-Hill/Irwin series Operations and decision sciences
504 _aIncludes bibliographical references and index.
650 0 _aCommercial statistics.
650 0 _aStatistics.
700 1 _aSounderpandian, Jayavel
_9800
856 4 1 _3Table of contents only
_uhttp://www.loc.gov/catdir/enhancements/fy0702/2004059542-t.html
906 _a7
_bcbc
_corignew
_d1
_eocip
_f20
_gy-gencatlg
942 _2ddc
_cBK
_h519.5
_iACZ/C
_k519.5
_mACZ/C